[Event "SVK-ch U20"]
[Site "Lubovna"]
[Date "2020.08.18"]
[Round "5"]
[White "Hyza, Richard"]
[Black "Vanco, Michal"]
[Result "1-0"]
[WhiteElo "1260"]
[BlackElo "1000"]
[PlyCount "95"]
[EventDate "2020.08.15"]
[EventType "swiss"]
[EventRounds "9"]
[EventCountry "SVK"]
[SourceTitle "EXT 2021"]
[Source "ChessBase"]
[SourceDate "2020.10.23"]
[SourceVersion "1"]
[SourceVersionDate "2020.10.23"]
[SourceQuality "1"]

1. f4 d5 2. Nf3 Nf6 3. e3 Nc6 4. b3 Bf5 5. Bb2 e6 6. Be2 h6 7. 0-0 Bd6 8. a3 0-0 9. Ne5 Nd7 10. Nxc6 bxc6 11. Bg4 Nf6 12. Bxf5 exf5 13. Nc3 Rb8 14. Ne2 c5 15. Ng3 g6 16. Qe1 c4 17. b4 a5 18. Bxf6 Qxf6 19. bxa5 Rb2 20. c3 Re8 21. Qc1 Rb3 22. Ne2 c5 23. Qc2 Rbb8 24. Rfb1 Ra8 25. Rb5 d4 26. cxd4 cxd4 27. Nxd4 Bxf4 28. Qxc4 Be5 29. Rf1 Rac8 30. Qb4 Rcd8 31. Nf3 Bd6 32. Qb3 Bc7 33. Rc1 Bb8 34. Rb7 Bd6 35. Rc6 Rc8 36. Rxd6 Qg7 37. Rdd7 Rf8 38. Rdc7 Rcd8 39. d4 Rde8 40. Ne5 Re6 41. Nxf7 Rfe8 42. Rb8 Rxb8 43. Qxb8+ Kh7 44. Ng5+ hxg5 45. Rxg7+ Kxg7 46. Qc7+ Kh6 47. Qc8 Rxe3 48. Qh8# 1-0